Sports Quiz

Random Sports or NFL Quiz

NFL Starting QBs (Green Bay Packers) Quiz Stats

 Plays Quiz Updated Jan 4, 2021

Support Sporcle.
Go Orange.
Score 0/6 Timer 04:00
9 Plays Today
Starts Player % Correct
190Aaron Rodgers
99.3%
144Brett Favre
97.9%
6Matt Flynn
77.2%
9Brett Hundley
63.7%
2Scott Tolzien
43.1%
1Seneca Wallace
38.3%

From the Vault

Remember These Slogans?

by matthijsbp

What good is a slogan if you just forget it?
Remove Ads.
Support Sporcle.
Get the best of Sporcle when you Go Orange. This ad-free experience offers more features, more stats, and more fun while also helping to support Sporcle. Thank you for becoming a member.

Show Comments

Extras

Top Quizzes Today


Score Distribution

Your Account Isn't Verified!

In order to create a playlist on Sporcle, you need to verify the email address you used during registration. Go to your Sporcle Settings to finish the process.

Report this User

Report this user for behavior that violates our Community Guidelines.

Details: